El comercio español con América, 1650-1700 / (Record no. 69664)

MARC details
000 -LEADER
campo de control de longitud fija 00672nam a2200193 i 4500
001 - NÚMERO DE CONTROL
campo de control 69664
003 - IDENTIFICADOR DE NÚMERO DE CONTROL
campo de control ES-MaACL
005 - FECHA Y HORA DE LA ÚLTIMA TRANSACCIÓN
campo de control 20250801000100.0
007 - CAMPO FIJO DE DESCRIPCIÓN FÍSICA--INFORMACIÓN GENERAL
campo de control de longitud fija t|
008 - DATOS DE LONGITUD FIJA--INFORMACIÓN GENERAL
campo de control de longitud fija 040708s1980 sp ||||1| spa d
100 1# - ENTRADA PRINCIPAL--NOMBRE DE PERSONA
Nombre de persona García Fuentes, Lutgardo.
9 (RLIN) 54626
245 13 - MENCIÓN DEL TÍTULO
Título El comercio español con América, 1650-1700 /
Mención de responsabilidad, etc. Lutgardo García Fuentes ; prólogo Luis Navarro García.
260 ## - PUBLICACIÓN, DISTRIBUCIÓN, ETC.
Lugar de publicación, distribución, etc. Sevilla :
Nombre del editor, distribuidor, etc. Escuela de Estudios Hispano-Americanos,
Fecha de publicación, distribución, etc. 1980.
300 ## - DESCRIPCIÓN FÍSICA
Extensión XXVI, 574 p. ;
Dimensiones 24 cm.
700 1# - ENTRADA AGREGADA--NOMBRE PERSONAL
Nombre de persona Navarro García, Luis
9 (RLIN) 85126
710 2# - ENTRADA AGREGADA--NOMBRE DE ENTIDAD CORPORATIVA
Nombre de entidad corporativa o nombre de jurisdicción como elemento de entrada Escuela de Estudios Hispano-Americanos (Sevilla)
9 (RLIN) 134366
852 ## - LOCALIZACIÓN
Ubicación ES-MaACL
Número de control de estantería L-385
Sublocalización o colección R.101107
Holdings
Estatus retirado Estado de pérdida Estado de daño No para préstamo Biblioteca de origen Biblioteca actual Ubicación en estantería Fecha de adquisición Fuente de adquisición Total de préstamos Signatura topográfica completa Código de barras Visto por última vez Precio de reemplazo Tipo de ítem Koha
        Biblioteca del Ateneo de Madrid Biblioteca del Ateneo de Madrid Depósito 2 17/01/2008     L-385 1072947 23/02/2023 23/02/2023 Libro impreso